Deutsche Literatur - Biedermeier/Vormärz - Statistiken

Allgemein
  • Dieses Quiz wurde 50 mal gespielt
  • Das Durchschnittsergebnis liegt bei 9 aus 24
Antwortstatistiken
Frage Antwort % Korrekt
Jahr der Märzrevolution; Historische Epochengrenze 1848
74%
Bedeutende Dichterin und Epikerin ("Die Judenbuche") Annette von Droste-Hülshoff
74%
Textzustand des "Woyzeck", bedingt durch Büchners frühen Tod Fragment
67%
Heines "Nachtgedanken" (1844): "Denk ich an _______ in der Nacht ..." Deutschland
62%
Damals britische Insel, Entstehungsort des "Liedes der Deutschen" Helgoland
60%
Westlicher Grenzfluss im "Lied der Deutschen": "Von der _____ bis..." Maas
60%
Konfession/Religion Heinrich Heines, der häufig wegen der Zugehörigkeit angegriffen wurde Judentum
57%
Parole des Pamphlets "Friede den Hütten! _________" Krieg den Palästen!
55%
Dichter des "Liedes der Deutschen" (Nachname) Hoffmann von Fallersleben
52%
Naturort, im Zentrum einer Ballade der Autorin: "Der Knabe im _______" Moor
48%
Ausländische Hauptstadt, aus der Ludwig Börne berühmte Briefe schrieb Paris
45%
Historischer Kontext der Tragödie "Dantons Tod" Französische Revolution
40%
Versepos Heines, Titel persifliert u.a. von Sönke Wortmann Deutschland. Ein Wintermärchen
33%
Zeitungsressort/Gattung, durch "Junges Deutschland" kultiviert, fr. Name Feuilleton
33%
Österreichischer Dramatiker, auch Nationaldichter genannt Franz Grillparzer
31%
Legendäre politische Demonstration 1832 Hambacher Fest
31%
Weibliche Hauptrolle und Mordopfer in diesem Werk Marie
31%
Großherzogtum, dessen soziale Missstände Büchner 1834 in Pamphlet beklagt Hessen
24%
Titel des berühmtesten Gedichts von Eduard Moerike ("Frühling lässt sein blaues Band...") "Er ist's"
21%
Titel von Erzähungssammlung Adalbert Stifters Bunte Steine
17%
Vorname der sartirischen Figur "Biedermeier", Sinnbild für Bewegung Gottlieb
12%
Gegend eines zweiten berühmten Reisebericht Heines Harz
12%
Hebbels Trauerspiel nach Stoff des deutschen Nationalepos im Mittelalter Die Nibelungen
7%
Politisches Programm der Schriftstellerin und Frauenrechtlerin Louise Astons ("Meine _____") Emanzipation
2%
Keine übereinstimmenden Quizze gefunden
Verteilung der Resultate
Anzahl Personen mit jedem Resultat
Perzentil nach korrekt beantworteten Fragen
Ihre Resultats-Entwicklung
Sie haben dieses Quiz noch nicht gespielt